Kolo času. Pán chaosu /
Šestá kniha fantasy cyklu Kolo času pokračuje příběhem Randa, Draka Znovuzrozeného, líčí jeho dramatické dobrodružství v osudem pronásledovaném území a nečekané zvraty, jimž čelí se svými společníky z Dvouříčí, které vrcholí krvavou bitvou.
Uloženo v:
| Série: | Kolo času,
část 6 |
|---|---|
| Hlavní autor: | |
| Další autoři: | |
| Médium: | E-kniha |
| Jazyk: | Czech |
| Vydáno: |
Praha :
Euromedia Group,
2024
|
| Vydání: | Vydání třetí, v Laseru první |
| Témata: | |
| Příbuzné jednotky: | Z cyklu::
Kolo času |
| Tagy: |
Žádné tagy |
| LEADER | 03131nam a2200493 i 4500 | ||
|---|---|---|---|
| 001 | 312487 | ||
| 003 | CZ PrSKC | ||
| 005 | 20260601215723.0 | ||
| 007 | ta | ||
| 008 | 240919s2024 xr g 000 f cze | ||
| 015 | |a cnb003606635 | ||
| 020 | |a 9788024261997 |q (vázáno) | ||
| 035 | |a (OCoLC)1468022056 | ||
| 040 | |a ABG001 |b cze |d ABA001 |e rda | ||
| 041 | 1 | |a cze |h eng | |
| 072 | 7 | |a 821.111(73)-3 |x Americká próza |2 Konspekt | |
| 080 | |a 821.111(73)-31 |2 MRF | ||
| 080 | |a (0:82-312.9) |2 MRF | ||
| 100 | 1 | |a Jordan, Robert, |d 1948-2007 |7 jn20020422021 |4 aut | |
| 240 | 1 | 0 | |a Lord of chaos. |l Česky |
| 245 | 1 | 0 | |a Kolo času. |p Pán chaosu / |c Robert Jordan ; přeložila Dana Krejčová |
| 246 | 3 | 0 | |a Pán chaosu |
| 250 | |a Vydání třetí, v Laseru první | ||
| 264 | 1 | |a Praha : |b Euromedia Group, |c 2024 | |
| 300 | |a 976 stran ; |c 22 cm | ||
| 336 | |a text |b txt |2 rdacontent | ||
| 337 | |a bez média |b n |2 rdamedia | ||
| 338 | |a svazek |b nc |2 rdacarrier | ||
| 500 | |a "Vydala Euromedia Group, a.s., v edici Laser"--Tiráž | ||
| 500 | |a Přeloženo z angličtiny | ||
| 520 | 2 | |a Šestá kniha fantasy cyklu Kolo času pokračuje příběhem Randa, Draka Znovuzrozeného, líčí jeho dramatické dobrodružství v osudem pronásledovaném území a nečekané zvraty, jimž čelí se svými společníky z Dvouříčí, které vrcholí krvavou bitvou. |b Jak se kolo času otáčí, dují zemí větry osudu a Rand al'Thor se snaží sjednotit státy k Poslední bitvě, k níž dojde, až se Temný konečně osvobodí, a zničit pasti, které nesmrtelní Zaprodanci nachystali na důvěřivé lidstvo. Bílá věž v Tar Valonu pod vedením amyrlin Elaidy rozhodla, že Randa je třeba ovládnout. A v Salidaru Egwain dostane předvolání před nejvyšší radu, a přitom ví, že se ho její kolegyně také snaží spoutat. Sucho a letní žár přetrvávají do zimy a Nyneiva s Elein se v zoufalství vydávají hledat bájný ter'angrial, jenž by jim mohl pomoci nastolit normální počasí - a jejich hledání je zavádí mezi bělokabátníky, kteří hodlají všechny Aes Sedai smést z povrchu zemského. A na druhé polovině kontinentu Perrin Aybara cítí, jak ho Rand k sobě přitahuje, jako jeden ta'veren druhého, a poprvé za tisíc let se lučištníci z Dvouříčí vydávají do války. Nakladatelská anotace. Kráceno. | |
| 655 | 7 | |a americké romány |7 fd131796 |2 czenas | |
| 655 | 7 | |a fantasy romány |7 fd184199 |2 czenas | |
| 655 | 9 | |a American fiction |2 eczenas | |
| 655 | 9 | |a fantasy novels |2 eczenas | |
| 700 | 1 | |a Krejčová, Dana |7 jn20011018473 |4 trl | |
| 787 | 0 | 8 | |i Z cyklu: |t Kolo času |g 6 |
| 900 | |a ABA001 |b 20 | ||
| 928 | 9 | |a Euromedia Group - Laser | |
| 928 | 9 | |a Laser | |
| 044 | |a xr | ||
| 910 | |a RBIT002 | ||
| 998 | |d 411698 |a https://core.palmknihy.cz/api/books/411698/cover?sitpy5 |b https://core.palmknihy.cz/api/books/411698/cover/400?sitpy5 |c https://core.palmknihy.cz/api/books/411698/cover/50?sitpy5 |e 2029-07-27 |g 1000 |i 9788024261997 |j https://core.palmknihy.cz/api/books/411698/preview.epub |l |q 49 |r 1 |s https://www.palmknihy.cz/kniha/411698 |t ebook |y 2024 |z 0 |v Kolo času |w 6 | ||
| 999 | |d 312485 | ||